| 000 | 00351nam a2200145Ia 4500 | ||
|---|---|---|---|
| 005 | 20251222141959.0 | ||
| 008 | 251222s9999||||xx |||||||||||||| ||spa|| | ||
| 020 | _a84-285-1440-2 | ||
| 082 | _a289.8/C24 | ||
| 100 | _aCamacho LaraĆa, Ildefonso | ||
| 245 | 0 | _aDoctrina Social de la Iglesia: | |
| 250 | _a3a.ed. | ||
| 264 | _bSan Pablo | ||
| 942 | _cLIB | ||
| 999 |
_c9944 _d9944 |
||